Mohammedanism: an historical survey/ (Record no. 20213)

MARC details
000 -LEADER
fixed length control field 00871cam a2200289 4500
001 - CONTROL NUMBER
control field 3695612
003 - CONTROL NUMBER IDENTIFIER
control field BDDh-ASL
005 - DATE AND TIME OF LATEST TRANSACTION
control field 20231015025847.0
008 - FIXED-LENGTH DATA ELEMENTS--GENERAL INFORMATION
fixed length control field 701120s1958 ny b 001 0 eng
010 ## - LIBRARY OF CONGRESS CONTROL NUMBER
LC control number 78518140
015 ## - NATIONAL BIBLIOGRAPHY NUMBER
National bibliography number B69-21899
020 ## - INTERNATIONAL STANDARD BOOK NUMBER
International Standard Book Number 0198880170
040 ## - CATALOGING SOURCE
Original cataloging agency DLC
Transcribing agency DLC
Modifying agency DLC
-- BDDh-ASL
050 00 - LIBRARY OF CONGRESS CALL NUMBER
Classification number BP50
Item number .G5 1969
082 00 - DEWEY DECIMAL CLASSIFICATION NUMBER
Classification number 297.09
Item number GIM
100 1# - MAIN ENTRY--PERSONAL NAME
Personal name Gibb, H. A. R.
Fuller form of name (Hamilton Alexander Rosskeen),
Dates associated with a name 1895-1971.
245 10 - TITLE STATEMENT
Title Mohammedanism: an historical survey/
Statement of responsibility, etc. [by] H. A. R. Gibb.
250 ## - EDITION STATEMENT
Edition statement 2nd ed. (with revisions)
260 ## - PUBLICATION, DISTRIBUTION, ETC.
Place of publication, distribution, etc. New York:
Name of publisher, distributor, etc. A Mentor Book,
Date of publication, distribution, etc. 1958.
300 ## - PHYSICAL DESCRIPTION
Extent ix, 159 p.
Dimensions 18 cm.
350 ## - PRICE (NR) (BK AM CF MU VM SE) [OBSOLETE]
Price 8/-
490 0# - SERIES STATEMENT
Series statement Oxford paperbacks university series, opus 17
504 ## - BIBLIOGRAPHY, ETC. NOTE
Bibliography, etc. note Bibliography: p. [132]-137.
650 #0 - SUBJECT ADDED ENTRY--TOPICAL TERM
Topical term or geographic name entry element Islam
General subdivision History.
906 ## - LOCAL DATA ELEMENT F, LDF (RLIN)
a 7
b cbc
c orignew
d 3
e ncip
f 19
g y-gencatlg
942 ## - ADDED ENTRY ELEMENTS (KOHA)
Source of classification or shelving scheme Dewey Decimal Classification
Koha item type Books
Holdings
Withdrawn status Lost status Source of classification or shelving scheme Damaged status Not for loan Collection code Home library Current library Shelving location Date acquired Source of acquisition Total Checkouts Full call number Barcode Date last seen Copy number Price effective from Koha item type Public note
    Dewey Decimal Classification   Not For Loan Non-fiction Asiatic Society Library Asiatic Society Library General Stacks 12/27/2020 ASB Collection   297.09 GIM 103622 12/27/2020 C-1 12/27/2020 Books RARE

Powered by Koha